100 Largest Cities in Tennessee with a Map - Statistics

General Stats
  • This quiz has been taken 451 times
  • The average score is 37 of 100
Answers on the Map
Answers color-coded by a green-red scale on the quiz's map according to % correct below.
 
Answer Stats
Population City % Correct
633,104 Memphis
98%
689,447 Nashville
98%
190,740 Knoxville
97%
181,099 Chattanooga
95%
166,722 Clarksville
83%
152,769 Murfreesboro
83%
68,205 Jackson
80%
71,046 Johnson City
80%
83,454 Franklin
76%
27,147 Bristol
67%
55,442 Kingsport
64%
6,308 Henderson
63%
41,333 Germantown
58%
61,753 Hendersonville
58%
6,343 Pigeon Forge
58%
53,070 Smyrna
58%
17,889 Sevierville
55%
34,842 Cookeville
53%
45,373 Brentwood
51%
47,356 Cleveland
51%
51,324 Collierville
51%
41,690 Columbia
51%
57,786 Bartlett
50%
31,402 Oak Ridge
49%
50,005 Spring Hill
48%
38,431 Lebanon
46%
31,907 Maryville
45%
16,164 Dyersburg
44%
39,289 Mount Juliet
44%
44,431 Gallatin
43%
12,071 Crossville
40%
12,212 Manchester
38%
11,170 Union City
38%
15,479 Greeneville
37%
30,431 Morristown
37%
10,316 Paris
37%
16,058 Dickson
36%
10,825 Martin
35%
18,782 Springfield
35%
13,788 McMinnville
34%
13,070 Soddy-Daisy
34%
14,084 Athens
33%
6,461 Lynchburg
33%
23,506 Farragut
32%
7,068 Fayetteville
32%
23,557 Shelbyville
32%
5,953 Kingston
31%
38,719 La Vergne
31%
20,339 Tullahoma
31%
10,978 Alcoa
29%
14,546 Elizabethton
29%
17,789 Goodlettsville
29%
8,397 Pulaski
29%
10,056 Clinton
28%
11,633 Lawrenceburg
28%
12,982 White House
28%
9,788 Brownsville
27%
22,167 East Ridge
27%
7,213 Savannah
27%
7,065 Dayton
26%
7,956 Lexington
26%
13,829 Nolensville
26%
13,156 Portland
26%
14,549 Arlington
25%
8,663 Covington
25%
8,419 Jefferson City
25%
12,288 Lewisburg
25%
5,991 Loudon
24%
8,171 Milan
24%
10,117 Lenoir City
23%
10,582 Millington
23%
6,868 Newport
23%
11,899 Red Bank
23%
7,800 Ripley
23%
9,375 Winchester
23%
5,193 Ashland City
22%
9,357 Fairview
22%
5,529 McKenzie
22%
7,430 La Follette
21%
6,312 Sweetwater
21%
7,485 Thompson's Station
21%
11,615 Hartsville
20%
5,584 Lafayette
20%
8,936 Oakland
20%
5,205 Bolivar
19%
7,874 Humboldt
19%
5,892 Harriman
18%
13,904 Lakeland
18%
5,444 Rockwood
18%
10,008 Atoka
17%
6,083 Erwin
17%
8,852 Signal Mountain
17%
5,357 Dunlap
16%
11,109 Collegedale
15%
6,898 Greenbrier
15%
6,998 Church Hill
14%
6,299 Millersville
14%
6,302 Munford
14%
5,860 Jonesborough
13%
5,473 Mount Carmel
12%
No matching quizzes found
Score Distribution
Percent of People with Each Score
Percentile by Number Answered
Your Score History
You have not taken this quiz